Centrálna zóna, Pezinok

Salvato in:
Dettagli Bibliografici
Autore principale: Vatehová, Veronika (Autore)
Altri autori: Vitková, Ľubica (Relatore della tesi)
Natura: Manoscritto Libro
Lingua:slovacco
Pubblicazione: 2024
Soggetti:
Accesso online:http://is.stuba.sk/zp/portal_zp.pl?podrobnosti=162050
Tags: Aggiungi Tag
Nessun Tag, puoi essere il primo ad aggiungerne!!

MARC

LEADER 00000ntm a22000003a 4500
001 stuzp98818
003 SK-STU
005 20240615211223.6
007 ta
008 150427s2015----xo-----f-mn---000-0-slo-d
040 |a STU  |b slo 
041 0 |a slo 
100 1 |a Vatehová, Veronika  |u 056160  |4 aut  |U FAD Fakulta architektúry a dizajnu  |T FAD Ústav urbanizmu a územného plánovania  |X 110307  |U A6160  |Y 397  |7 110307 
242 0 1 |a City Centre Public Space, Pezinok  |y eng 
245 1 0 |a Centrálna zóna, Pezinok 
260 |c 2024 
650 4 |a centrálna zóna  |2 slo 
650 4 |a verejný priestor  |2 slo 
650 4 |a vinárstvo  |2 slo 
650 4 |a udržateľnosť  |2 slo 
650 4 |a línia  |2 slo 
650 4 |a city centre  |2 eng 
650 4 |a public space  |2 eng 
650 4 |a winery  |2 eng 
650 4 |a sustainability  |2 eng 
650 4 |a line  |2 eng 
700 1 |a Vitková, Ľubica  |u 056160  |k Z1  |4 ths  |U FAD Fakulta architektúry a dizajnu  |T FAD Ústav urbanizmu a územného plánovania  |X 447  |U A6160  |Y 397  |7 A000000447 
856 4 |u http://is.stuba.sk/zp/portal_zp.pl?podrobnosti=162050